000 00508nam a2200181Ia 4500
001 4020
005 20260306145725.0
008 260306t1998||||xx |||||||||||||| ||spa||
041 _aESP
082 _a306.44
_bL86
100 _aLópez, Luis Enrique
_eAUT
245 0 _aSobre las huellas de la voz:
_bsociolingüística de la oralidad y la escritura en su relación con la educación
260 _c1998
300 _a255 páginas :
_c24 cm.
650 _aGEN
654 _aCHU
942 _cLIB
_dJUS
_fJUS
_2ddc
_n
999 _c4020
_d4020